| 000 | 00750nam a22002537a 4500 | ||
|---|---|---|---|
| 003 | DO-SdBNP | ||
| 005 | 20180214132817.0 | ||
| 008 | 180214b 2000 sp ||||| |||| 00| 0 spa d | ||
| 020 | _a8466300112 | ||
| 020 | _a9788466300117 | ||
| 040 |
_aBPMSU _bspa _cBPMSU |
||
| 100 | 1 |
_aRoth, Philip, _d1933- |
|
| 240 | 1 | 0 |
_aAmerican pastoral _lEspañol |
| 245 | 1 | 0 |
_aPastoral americana / _cPhilip Roth ; [traducción: Jordi Fibla]. |
| 260 |
_aMadrid : _bSuma de Letras, _c2000. |
||
| 300 |
_a546 p. ; _c18 cm. |
||
| 490 | 1 |
_aPunto de lectura _v67 |
|
| 586 | _aPremio Pulitzer 1998. | ||
| 700 | 1 | 2 |
_aFibla, Jordi, _etr. |
| 830 | 0 |
_aPunto de lectura _v67 |
|
| 942 |
_2ddc _cBK |
||
| 945 | _aInventariado, 2018 /LP | ||
| 956 |
_aLOREPEZ _b10 _c20180214 _hBPMSU |
||
| 999 |
_c13291 _d13291 |
||